000 00530nam a2200181Ia 4500
999 _c3476
_d3476
003 OSt
005 20200818112159.0
008 190216s9999||||xx |||||||||||||| ||und||
020 _a9788176259354
040 _coclc
082 _a541.37
_bWHI/E
100 _aWhitmore, G
_94178
245 0 _aElectrochemistry And Its Applications /
_cG Whitmore
260 _bSarup Book Publishers,
_c2009.
_aNew Delhi:
300 _a158p
650 _aChemistry-Chemistry
942 _cBK
_2ddc
_h541.37
_iWHI/E
_k541.37
_mWHI/E